[Event "Challenge"]
[Site "http://www.queenalice.com/game.php?id=621869"]
[Date "2009.7.20"]
[Round "-"]
[White "casimir"]
[Black "otax"]
[Result "1-0"]
[WhiteElo "1888"]
[BlackElo "1722"]

1. e4 e6 2. Nf3 Nf6 3. d3 Be7 4. Be2 d6 5. c3 O-O 6. Qc2 Bd7 7. h3 Nc6 8. Be3 e5
9. Nbd2 d5 10. Bg5 Rc8 11. O-O a6 12. Bxf6 Bxf6 13. exd5 Ne7 14. c4 c5 15. Ne4
Ng6 16. Nxf6+ Qxf6 17. Kh2 Nf4 18. Ng1 Nxe2 19. Qxe2 Rfe8 20. f3 1-0

[Event "Challenge"]
[Site "http://www.queenalice.com/game.php?id=621870"]
[Date "2009.7.20"]
[Round "-"]
[White "otax"]
[Black "casimir"]
[Result "0-1"]
[WhiteElo "1732"]
[BlackElo "1878"]

1. d4 Nf6 2. c4 c5 3. e3 cxd4 4. exd4 e6 5. Nf3 b6 6. Be2 Bb7 7. O-O d6 8. Bg5
Be7 9. Nc3 Nbd7 10. b3 h6 11. Bh4 O-O 12. Qc2 a6 13. a4 e5 14. d5 Re8 15. Rfe1
Nh7 16. Bg3 Ng5 17. Nd2 Bc8 18. Nce4 Nxe4 19. Qxe4 Nf6 20. Qf3 Bg4 0-1

[Event "Challenge"]
[Site "http://www.queenalice.com/game.php?id=621871"]
[Date "2009.7.20"]
[Round "-"]
[White "casimir"]
[Black "Danado"]
[Result "1/2-1/2"]
[WhiteElo "1822"]
[BlackElo "1711"]

1. e4 e5 2. Nf3 Nc6 3. Bb5 Nf6 4. d3 a6 5. Ba4 d5 6. exd5 Nxd5 7. Bxc6+ bxc6 8.
h3 Bd6 9. Qe2 Qe7 10. a3 O-O 11. c4 Nb6 12. Nc3 Re8 13. Be3 h6 14. Ne4 Bf5 15.
Nxd6 cxd6 16. Bxb6 a5 17. O-O Rab8 18. Bxa5 e4 19. dxe4 Bxe4 20. Rfe1 Kf8 21.
Nd2 Rxb2 22. Bc3 Rc2 23. Rac1 Bg6 24. Qxe7+ Rxe7 25. Rxe7 Rxc1+ 26. Kh2 Kxe7 27.
Bxg7 h5 28. Bh6 Ke6 29. f4 f5 30. Bg7 Rc2 31. Nf3 Rxc4 32. Kg3 Rc2 33. Nd4+ Kf7
34. Nxc2 Kxg7 1/2-1/2

[Event "Challenge"]
[Site "http://www.queenalice.com/game.php?id=621872"]
[Date "2009.7.20"]
[Round "-"]
[White "Danado"]
[Black "casimir"]
[Result "1/2-1/2"]
[WhiteElo "1715"]
[BlackElo "1818"]

1. e4 c5 2. Bc4 e6 3. Nf3 Nc6 4. O-O Qc7 5. d4 cxd4 6. Nxd4 Nxd4 7. Qxd4 Qc5 8.
Qxc5 Bxc5 9. Nc3 a6 10. Na4 Ba7 11. Be3 Bxe3 12. fxe3 b5 13. Nb6 Rb8 14. Nxc8
Rxc8 15. Bb3 Ne7 16. c3 O-O 17. Rfd1 d6 18. Rac1 Rfd8 19. Rd3 Ng6 20. c4 Ne5 21.
Rdc3 b4 22. R3c2 Nd3 23. Rd1 Nc5 24. e5 Nxb3 25. axb3 dxe5 26. Rxd8+ Rxd8 27. c5
Kf8 28. c6 Rc8 29. Rc4 a5 30. Rc5 f6 31. Kf2 Ke7 32. Kf3 Kd6 33. Rxa5 Rxc6 34.
Rb5 g5 35. Rxb4 Rc2 36. h4 1/2-1/2

[Event "Challenge"]
[Site "http://www.queenalice.com/game.php?id=621873"]
[Date "2009.7.20"]
[Round "-"]
[White "casimir"]
[Black "gomonkey"]
[Result "0-1"]
[WhiteElo "1832"]
[BlackElo "1680"]

1. e4 e5 2. Nf3 Nc6 3. Bb5 Nce7 4. Nxe5 h5 5. Ba4 Nf6 6. d3 Nc6 7. Bg5 Bd6 8.
Nf3 Qe7 9. Bxc6 bxc6 10. h3 c5 11. Qe2 Be5 12. c3 Ba6 13. Nbd2 Qe6 14. Bxf6 Qxf6
15. Nxe5 Qxe5 16. Nf3 Qd6 17. Rd1 Rb8 18. Qc2 Qe6 19. b3 f6 20. O-O g5 21. c4 g4
22. hxg4 hxg4 23. Nh2 f5 24. Qc3 Qh6 25. Qe5+ Kd8 26. exf5 d6 27. Qg3 Kd7 28.
Qe3 Qxh2# 0-1

[Event "Challenge"]
[Site "http://www.queenalice.com/game.php?id=621874"]
[Date "2009.7.20"]
[Round "-"]
[White "gomonkey"]
[Black "casimir"]
[Result "0-1"]
[WhiteElo "1706"]
[BlackElo "1810"]

1. e4 c5 2. Bc4 e6 3. c3 Nc6 4. d4 cxd4 5. cxd4 d5 6. Bb5 Qa5+ 7. Bd2 Qxb5 8.
Bc3 dxe4 9. Na3 Qg5 10. g3 Bxa3 11. bxa3 Nge7 12. Nh3 Qh6 13. Nf4 Nd5 14. Bd2
Nxf4 15. Bxf4 Qf6 16. O-O O-O 17. d5 Rd8 18. d6 e5 19. Be3 Qxd6 20. Qxd6 Rxd6
21. Bc5 Rd3 22. a4 b6 23. Be3 Be6 24. a3 Na5 25. Ra2 Bxa2 26. Bc1 Bb3 27. Re1
Bxa4 28. h4 Rad8 29. Bb2 Rd1 30. Kf1 f6 31. Rxd1 Rxd1+ 32. Kg2 Nc4 33. g4 Nxb2
0-1

[Event "Challenge"]
[Site "http://www.queenalice.com/game.php?id=623500"]
[Date "2009.7.23"]
[Round "-"]
[White "casimir"]
[Black "chapichapo"]
[Result "1-0"]
[WhiteElo "1907"]
[BlackElo "1904"]

1. e4 e5 2. Nf3 Nf6 3. Nxe5 Nxe4 4. Nf3 Qe7 5. Qe2 b6 6. d3 Ba6 7. Qxe4 Qxe4+ 8.
dxe4 Bc5 9. Bd3 O-O 10. O-O Bxd3 11. cxd3 Nc6 12. Nbd2 Nd4 13. Nxd4 Bxd4 14. Nf3
Bc5 15. b3 f5 16. e5 Rae8 17. d4 Bb4 18. a3 Bc3 19. Ra2 c5 20. dxc5 bxc5 21. Bf4
h6 22. h4 Kh7 23. Rd1 Rf7 24. Rc2 Bd4 25. Nxd4 cxd4 26. Rxd4 g5 27. hxg5 hxg5
28. Bxg5 Rxe5 29. Rc1 d5 30. f4 Re3 31. Rxd5 Rxb3 32. Ra5 Kg6 33. Bh4 Kh5 34.
Bf2 Kg4 35. Bxa7 Kxf4 36. Rf1+ Kg4 37. Ra4+ Kg3 38. Bf2# 1-0

[Event "Challenge"]
[Site "http://www.queenalice.com/game.php?id=623501"]
[Date "2009.7.23"]
[Round "-"]
[White "chapichapo"]
[Black "casimir"]
[Result "1/2-1/2"]
[WhiteElo "1888"]
[BlackElo "1908"]

1. e4 Nf6 2. e5 Nd5 3. c4 Nb6 4. c5 Nd5 5. Bc4 Nf4 6. Qf3 Ne6 7. Bxe6 dxe6 8.
Ne2 Qd5 9. Qxd5 exd5 10. Nbc3 c6 11. d4 Bf5 12. h3 h6 13. Be3 e6 14. g4 Bh7 15.
Ng3 Nd7 16. b4 b6 17. a4 Be7 18. b5 Rc8 19. a5 O-O 20. axb6 axb6 21. Ra7 Rfd8
22. cxb6 Bb4 23. Bd2 Bxc3 24. Bxc3 cxb5 25. Bd2 Nxb6 26. O-O Bd3 27. Rfa1 Ra8
28. Kg2 Rxa7 29. Rxa7 Ra8 30. Rxa8+ Nxa8 31. Nf1 Bxf1+ 32. Kxf1 Nc7 33. Ke2 Kf8
34. f4 Ke7 1/2-1/2

[Event "Challenge"]
[Site "http://www.queenalice.com/game.php?id=623502"]
[Date "2009.7.23"]
[Round "-"]
[White "casimir"]
[Black "RobertD"]
[Result "0-1"]
[WhiteElo "1931"]
[BlackElo "1960"]

1. e4 e5 2. Nf3 d6 3. h3 Nf6 4. d3 Be7 5. Be2 h6 6. Be3 O-O 7. c3 b5 8. Qc2 c5
9. b3 Bb7 10. O-O Nh7 11. Nh2 f5 12. exf5 Rxf5 13. Nd2 Nc6 14. Ne4 Ng5 15. Bg4
Rf8 16. Nxg5 Bxg5 17. Be6+ Kh8 18. Rae1 Qe7 19. Bd5 Na5 20. Bxb7 Qxb7 21. Bxg5
hxg5 22. Ng4 Rf4 23. f3 Raf8 24. Qd1 Qf7 25. Re3 Nc6 26. Qe1 Qh5 27. Qe2 Qh4 28.
Qf2 Qxf2+ 29. Rxf2 a5 30. g3 R4f5 31. Kf1 b4 32. c4 Nd4 33. Kg2 R8f7 34. Nh2 Kg8
35. Re1 Ra7 36. Ng4 a4 37. Ne3 Rff7 38. Rb1 axb3 39. axb3 Ra3 40. Nc2 Rxb3 41.
Rxb3 Nxb3 42. g4 Ra7 0-1

[Event "Challenge"]
[Site "http://www.queenalice.com/game.php?id=623503"]
[Date "2009.7.23"]
[Round "-"]
[White "RobertD"]
[Black "casimir"]
[Result "0-1"]
[WhiteElo "1964"]
[BlackElo "1913"]

1. f4 Nf6 2. Nf3 d6 3. e3 c5 4. Bb5+ Nbd7 5. O-O a6 6. Bxd7+ Qxd7 7. Nc3 b5 8.
a3 e6 9. Ne2 Bb7 10. b4 c4 11. Bb2 Be7 12. d3 cxd3 13. cxd3 Rc8 14. Rc1 O-O 15.
e4 Ng4 16. Ng3 Ne3 17. Qe2 Nxf1 18. Qxf1 Rxc1 19. Qxc1 Rc8 20. Qd2 Qc6 21. Ne1
Qb6+ 22. Kh1 Bh4 23. Nf3 Bxg3 24. hxg3 Qc7 25. Ne1 Rd8 26. g4 e5 27. Nf3 f6 28.
f5 d5 29. Qe2 dxe4 30. dxe4 Qc4 31. Qf2 Qxe4 32. g5 Qxf5 33. gxf6 Bxf3 34. Qxf3
Qxf3 35. gxf3 Rd1+ 36. Kg2 Rd2+ 37. Kg3 Rxb2 38. fxg7 Kxg7 0-1

[Event "Challenge"]
[Site "http://www.queenalice.com/game.php?id=623504"]
[Date "2009.7.23"]
[Round "-"]
[White "casimir"]
[Black "Mikalus"]
[Result "1-0"]
[WhiteElo "1874"]
[BlackElo "1813"]

1. e4 c5 2. Nf3 Nc6 3. Bb5 a6 4. Bxc6 bxc6 5. d3 d5 6. exd5 cxd5 7. h3 Nf6 8. c3
Qd6 9. Qe2 Bb7 10. O-O e6 11. Nbd2 Be7 12. Re1 O-O 13. Ne5 Nd7 14. Nxd7 Qxd7 15.
Nf3 Bd6 16. b3 Qe7 17. Bb2 Rfe8 18. Rad1 Qf6 19. Ne5 Qh6 20. Ng4 Qg5 21. Bc1 Qg6
22. Qf3 Rab8 23. d4 c4 24. b4 Be7 25. Bf4 Ra8 26. Rd2 Bc6 27. Ne5 1-0

[Event "Challenge"]
[Site "http://www.queenalice.com/game.php?id=623505"]
[Date "2009.7.23"]
[Round "-"]
[White "Mikalus"]
[Black "casimir"]
[Result "1-0"]
[WhiteElo "1799"]
[BlackElo "1888"]

1. e4 Nf6 2. e5 Nd5 3. c4 Nb6 4. c5 Nd5 5. d4 e6 6. Nc3 Nxc3 7. bxc3 a6 8. Nf3
d6 9. cxd6 cxd6 10. Ba3 b5 11. Bd3 Be7 12. O-O Bb7 13. exd6 Bxd6 14. Bxd6 Qxd6
15. Ne5 Nd7 16. Re1 Nxe5 17. Rxe5 Rc8 18. Rc1 Qe7 19. Qh5 Qa3 20. Rce1 Qxc3 21.
Rxe6+ Kf8 22. Re7 g6 23. Bxg6 Qxd4 24. Bxf7 Qf6 25. Rxb7 h6 26. Bb3 Re8 27.
Rxe8# 1-0

[Event "Challenge"]
[Site "http://www.queenalice.com/game.php?id=623507"]
[Date "2009.7.23"]
[Round "-"]
[White "casimir"]
[Black "Railton"]
[Result "1-0"]
[WhiteElo "1897"]
[BlackElo "1902"]

1. e4 e5 2. Nf3 Qf6 3. d4 exd4 4. Qxd4 Be7 5. Qxf6 Nxf6 6. Bd3 O-O 7. O-O Nc6 8.
h3 d6 9. Be3 a6 10. c3 h6 11. Re1 b5 12. Nbd2 Bb7 13. Nf1 d5 14. exd5 Nxd5 15.
Bd2 Bf6 16. Ng3 Rae8 17. Ne4 Ne5 18. Nxf6+ gxf6 19. Nxe5 Rxe5 20. Rxe5 fxe5 21.
Bxh6 Rd8 22. Rd1 Nf4 23. Bxf4 f6 24. Bxe5 Kg7 25. Bxc7 Rg8 26. Bf5 1-0

[Event "Challenge"]
[Site "http://www.queenalice.com/game.php?id=623508"]
[Date "2009.7.23"]
[Round "-"]
[White "Railton"]
[Black "casimir"]
[Result "1/2-1/2"]
[WhiteElo "1904"]
[BlackElo "1913"]

1. d4 Nf6 2. Nc3 d6 3. d5 g6 4. Be3 Bg7 5. Bd4 Nbd7 6. e4 O-O 7. Bd3 c6 8. Bc4
b5 9. Bd3 e5 10. dxe6 fxe6 11. Nf3 a6 12. Ng5 Qe7 13. a3 c5 14. Be3 Bb7 15. f3
c4 16. Be2 Rac8 17. O-O Ne5 18. f4 Nf7 19. Qd2 h6 20. Nxf7 Rxf7 21. Bf3 Ne8 22.
Bd4 Nf6 23. e5 Nd5 24. exd6 Qxd6 25. Nxd5 Bxd4+ 26. Qxd4 Bxd5 27. Bxd5 exd5 28.
g3 Qc5 29. Qxc5 Rxc5 30. Rad1 Kg7 31. c3 Kf6 32. Kg2 Rd7 1/2-1/2

[Event "Challenge"]
[Site "http://www.queenalice.com/game.php?id=634292"]
[Date "2009.8.11"]
[Round "-"]
[White "casimir"]
[Black "Fauquinelle"]
[Result "1/2-1/2"]
[WhiteElo "1859"]
[BlackElo "1893"]

1. c4 Nf6 2. Nc3 e6 3. a3 c5 4. g3 b6 5. Bg2 Nc6 6. d3 Bb7 7. e4 Qc7 8. h3 Be7
9. Nge2 O-O 10. Be3 Ne5 11. b3 h6 12. Ng1 Bd6 13. Qd2 Ng6 14. Nge2 Nh5 15. Nb5
Qb8 16. Nxd6 Qxd6 17. f4 e5 18. f5 Ne7 19. Bf3 Nf6 20. g4 Rfb8 21. Ng3 Kf8 22.
Bxh6 gxh6 23. Qxh6+ Ke8 24. g5 Neg8 25. Qh8 Ke7 26. gxf6+ Nxf6 27. Qh6 Qxd3 28.
Nh5 Nxh5 29. Qxh5 Qe3+ 30. Kf1 Qf4 31. Qg4 Qh6 32. Qg2 Rg8 33. Bg4 Qf4+ 34. Qf3
Qxf3+ 35. Bxf3 1/2-1/2

[Event "Challenge"]
[Site "http://www.queenalice.com/game.php?id=634293"]
[Date "2009.8.11"]
[Round "-"]
[White "Fauquinelle"]
[Black "casimir"]
[Result "1/2-1/2"]
[WhiteElo "1894"]
[BlackElo "1858"]

1. e4 e5 2. Nf3 Nf6 3. Nxe5 d6 4. Nf3 Nxe4 5. Qe2 Qe7 6. d3 Nf6 7. Bg5 Qxe2+ 8.
Bxe2 Be7 9. Nc3 c6 10. O-O-O Nbd7 11. Rhe1 O-O 12. d4 b5 13. Bd3 Re8 14. Re2 Bb7
15. Rde1 Bf8 16. Bxf6 Nxf6 17. d5 Rxe2 18. Rxe2 a6 19. dxc6 Bxc6 20. Be4 Bxe4
21. Nxe4 Nxe4 22. Rxe4 1/2-1/2

[Event "Let's Play Chess!"]
[Site "http://www.queenalice.com/game.php?id=642468"]
[Date "2009.8.26"]
[Round "-"]
[White "pcescritor"]
[Black "casimir"]
[Result "1-0"]
[WhiteElo "1813"]
[BlackElo "1850"]

1. e4 c6 2. d3 d5 3. Nc3 dxe4 4. Nxe4 Nd7 5. g3 Ngf6 6. b3 Nxe4 7. dxe4 e5 8.
Nf3 b5 9. Bb2 Qc7 10. Qd2 Be7 11. O-O-O f6 12. Nh4 Nb6 13. f4 a5 14. Bg2 1-0

[Event "Let's Play Chess!"]
[Site "http://www.queenalice.com/game.php?id=642472"]
[Date "2009.8.26"]
[Round "-"]
[White "casimir"]
[Black "pcescritor"]
[Result "0-1"]
[WhiteElo "1869"]
[BlackElo "1794"]

1. d4 e6 2. Nf3 Nc6 3. c4 Bb4+ 4. Nc3 Nf6 5. Bd2 Ne4 6. Nxe4 b6 7. Bxb4 Nxb4 8.
e3 d5 9. Qa4+ Nc6 10. cxd5 exd5 11. Qxc6+ Bd7 12. Qxd5 O-O 13. Bd3 c6 14. Qh5 h6
15. O-O f6 0-1

[Event "Challenge"]
[Site "http://www.queenalice.com/game.php?id=642481"]
[Date "2009.8.26"]
[Round "-"]
[White "casimir"]
[Black "Abstro"]
[Result "0-1"]
[WhiteElo "1903"]
[BlackElo "1851"]

1. Nf3 d5 2. d4 e6 3. Bf4 Nf6 4. h3 Nc6 5. Nbd2 Bd6 6. Bxd6 Qxd6 7. e3 O-O 8. c3
e5 9. dxe5 Nxe5 10. Nxe5 Qxe5 11. Nf3 Qd6 12. Bd3 b6 13. O-O c5 14. Qc2 Re8 15.
Rad1 Qc6 16. Be2 h6 17. a4 a6 18. b3 Ne4 19. Nd2 Bb7 20. Nxe4 Rxe4 21. Bf3 Re5
22. c4 Qe6 23. cxd5 Bxd5 0-1

[Event "Challenge"]
[Site "http://www.queenalice.com/game.php?id=642482"]
[Date "2009.8.26"]
[Round "-"]
[White "Abstro"]
[Black "casimir"]
[Result "1-0"]
[WhiteElo "1831"]
[BlackElo "1923"]

1. d4 d5 2. c4 c6 3. e3 Nf6 4. a3 dxc4 5. Bxc4 Nbd7 6. Nc3 Nb6 7. Bb3 Bf5 8. Qf3
e6 9. h3 h6 10. g4 Bd3 11. Nge2 Be7 12. e4 Bxe2 13. Nxe2 c5 14. dxc5 Bxc5 15. e5
Nfd5 16. Bxd5 Qxd5 17. Qxd5 Nxd5 18. O-O O-O 19. Kh1 Rac8 20. Bd2 Nb6 21. b4 Be7
22. Rac1 Nc4 23. Bf4 1-0

[Event "Let's Play Chess!"]
[Site "http://www.queenalice.com/game.php?id=643830"]
[Date "2009.8.28"]
[Round "-"]
[White "Ekensberg"]
[Black "casimir"]
[Result "1-0"]
[WhiteElo "1975"]
[BlackElo "1822"]

1. e4 c6 2. d4 d5 3. Nc3 dxe4 4. Nxe4 Nd7 5. Nf3 Ngf6 6. Nxf6+ Nxf6 7. Bd3 Bg4
8. Be2 Bxf3 9. Bxf3 e6 10. O-O Be7 11. c3 O-O 12. h3 Qc7 13. Bg5 Rfd8 14. Re1
1-0

[Event "Let's Play Chess!"]
[Site "http://www.queenalice.com/game.php?id=643831"]
[Date "2009.8.28"]
[Round "-"]
[White "casimir"]
[Black "Ekensberg"]
[Result "0-1"]
[WhiteElo "1833"]
[BlackElo "1964"]

1. d4 e6 2. Nf3 d5 3. c3 Nf6 4. Bg5 Be7 5. e3 O-O 6. Bd3 h6 7. Bxf6 Bxf6 8. Nbd2
Be7 9. O-O Nd7 10. Re1 Nf6 11. e4 dxe4 12. Nxe4 Bd7 13. Nxf6+ Bxf6 0-1

[Event "Let's Play Chess!"]
[Site "http://www.queenalice.com/game.php?id=644469"]
[Date "2009.8.30"]
[Round "-"]
[White "casimir"]
[Black "yclaudiu35"]
[Result "0-1"]
[WhiteElo "1885"]
[BlackElo "1892"]

1. c4 e5 2. Nc3 Bb4 3. Qc2 c6 4. e4 Nf6 5. d3 d5 6. cxd5 cxd5 7. Bd2 O-O 8. exd5
Nxd5 9. Nxd5 Bxd2+ 10. Qxd2 Qxd5 11. Nf3 Nc6 0-1